Normal view
MARC view
Entry Corporate Name
001 - CONTROL NUMBER
- control field: 48235
003 - CONTROL NUMBER IDENTIFIER
- control field: ARRUPE
005 - DATE AND TIME OF LATEST TRANSACTION
- control field: 20190924102057.0
008 - FIXED-LENGTH DATA ELEMENTS
- fixed length control field: 190924|| aca||aabn | a|a d
040 ## - CATALOGING SOURCE
- Original cataloging agency: ARRUPE
- Transcribing agency: ARRUPE
110 ## - HEADING--CORPORATE NAME
- Corporate name or jurisdiction name as entry element: Catholic Church.
- Subordinate unit: Ijebu-Ode Catholic Diocese (Nigeria).
- Subordinate unit: Justice, Development, and Peace Commission.
670 ## - SOURCE DATA FOUND
- Source citation: Work cat.: (ARRUPE)0: New Partnership for Africa's Development (NEPAD)., 2002